000 00565nam a2200205Ia 4500
005 20230404092816.0
008 131103s9999 xx 000 0 und d
020 _cRs.160.00
040 _aLoreto College
041 _aEnglish
082 _a823(I)
_bBHA
100 _aBhatt, Kishwar Musa
245 4 _aThe soiled sea and other stories
_cKishwar Musa Bhatt
260 _aKolkata
_bMillennium Education Bookssellers & Publishers
300 _a185p.
650 _aFiction in English
651 _aIndian Writing in English
850 _aLCLIB
942 _cBK
999 _c37243
_d87722